00492cam a2200193 i 45000010009000000050017000090080041000260100017000670200025000840200022001090400028001310410008001590420008001670800016001750820020001911000007002111010008002182450072002261702082520180302033750.0111025s2013 maua 001 0 eng  a 2011942002 a9781133307747 (pbk.) a1133307744 (pbk.) aDLCbengcDLCerdadDLC aeng apcc a808.042 VAN00a808.042 VAN2231 a25 aEDU10aComp /cRandall VanderMey, Verne Meyer, John Van Rys, Pat Sebranek.